Sports Quiz

Random Sports or NHL Quiz

Letters Minefield: NHL Teams Quiz Stats

 Plays Quiz Updated Jun 12, 2017

Support Sporcle.
Go Orange.
Score 0/17 Timer 01:00
10 Plays Today
% Correct
???
88.5%
???
86.6%
???
79%
???
76.7%
???
75.7%
???
73.1%
???
72.5%
???
67.7%
???
56.8%
% Correct
???
56.4%
???
52.7%
???
52.6%
???
52.5%
???
51.2%
???
50.1%
???
47%
???
26%

You're not logged in!

Compare scores with friends on all Sporcle quizzes.
OR
Log In
Forgot?

From the Vault

Republican National Conventions

by tseroff

These political conventions are really a boon for the flag pin industry.
Remove Ads.
Support Sporcle.
Get the best of Sporcle when you Go Orange. This ad-free experience offers more features, more stats, and more fun while also helping to support Sporcle. Thank you for becoming a member.

Show Comments

Extras

Top Quizzes Today


Score Distribution

Your Account Isn't Verified!

In order to create a playlist on Sporcle, you need to verify the email address you used during registration. Go to your Sporcle Settings to finish the process.

Report this User

Report this user for behavior that violates our Community Guidelines.

Details: